Safer floors (Record no. 107556)
[ view plain ]
| 000 -LEADER | |
|---|---|
| fixed length control field | 00963cam a22002295a 4500 |
| 001 - CONTROL NUMBER | |
| control field | L140867 |
| 008 - FIXED-LENGTH DATA ELEMENTS--GENERAL INFORMATION | |
| fixed length control field | 071016s2007 xxk f 000 0 eng d |
| 020 ## - INTERNATIONAL STANDARD BOOK NUMBER | |
| International Standard Book Number | 9781848060142 |
| 035 ## - SYSTEM CONTROL NUMBER | |
| System control number | (Sirsi) u140867 |
| 041 0# - LANGUAGE CODE | |
| Language code of text/sound track or separate title | eng |
| 050 04 - LIBRARY OF CONGRESS CALL NUMBER | |
| Classification number | 690.16 $2 18 |
| 100 1# - MAIN ENTRY--PERSONAL NAME | |
| Personal name | Roys, Mike |
| 245 00 - TITLE STATEMENT | |
| Title | Safer floors |
| Remainder of title | guidance on specifying flooring for internal and external safety in domestic buildings |
| 260 ## - PUBLICATION, DISTRIBUTION, ETC. | |
| Place of publication, distribution, etc. | Garston |
| Name of publisher, distributor, etc. | IHS BRE |
| Date of publication, distribution, etc. | 2007 |
| 300 ## - PHYSICAL DESCRIPTION | |
| Extent | 6p. |
| Dimensions | 30cm. |
| 490 #0 - SERIES STATEMENT | |
| Series statement | BRE Information Paper |
| Volume/sequential designation | IP 10/07 |
| 520 ## - SUMMARY, ETC. | |
| Summary, etc. | Outlines what test method should be used to assess a flooring product, what amount of slip resistance is considered appropriate and how slip resistance is affected by user behaviour and individual characteristics. Also notes the special case of stairs and ramps. |
| 651 #4 - SUBJECT ADDED ENTRY--GEOGRAPHIC NAME | |
| Geographic name | United Kingdom |
| Chronological subdivision | |
| 690 ## - LOCAL SUBJECT ADDED ENTRY--TOPICAL TERM (OCLC, RLIN) | |
| Topical term or geographic name as entry element | BUILT ENVIRONMENT-BUILDING ELEMENTS-COMPLETE BUILDING ELEMENTS-FLOORS |
| 710 2# - ADDED ENTRY--CORPORATE NAME | |
| Corporate name or jurisdiction name as entry element | Building Research Establishment |
| 942 ## - ADDED ENTRY ELEMENTS (KOHA) | |
| Suppress in OPAC | 0 |
| Withdrawn status | Lost status | Source of classification or shelving scheme | Damaged status | Not for loan | Home library | Current library | Shelving location | Date acquired | Total Checkouts | Full call number | Barcode | Date last seen | Copy number | Price effective from | Koha item type |
|---|---|---|---|---|---|---|---|---|---|---|---|---|---|---|---|
| Dewey Decimal Classification | London | London | BRE publications | 22/10/2007 | ENQUIRY DESK | 30074297 | 06/08/2019 | 1 | 06/08/2019 | Book |